000 00752nam a22002537a 4500
001 BR9602693
003 BR-BrBNA
005 20230928095009.0
007 ta
008 230509b bl.||||| |||| 00| 0 por d
040 _aBR-BrBNA
_bpor
_cBiblioteca Nacional de Agricultura
041 _a(Por)
072 _aE13
_b2110
090 _ 2110 BR9602693
110 1 _aAssociacao de Credito e Assistencia Rural do Estado do Para, Belem (Brasil)
_9493
245 1 _aProjeto Cacau. provisao orcamentaria 1976. Programa de Incentivo a Cacauicultura no estado do Para
260 3 _aBelem, PA (Brasil):
_c1976.
300 _a11 p.
650 _aCacau
650 _aFinanciamento
650 _aPara
909 _a202309
_bLucia
_c55
_dLucia Elande
942 _cBK
999 _c53901
_d53901